Największe państwa bez pustyń - Statystyki

Ogólne statystyki
  • Ten quiz został rozwiązany 5 430 razy
  • Średni wynik to 9 z 16
Statystyki odpowiedzi
Powierzchnia (km kw.) Kraj % Poprawnych
640,679 Francja
89%
357,114 Niemcy
88%
450,295 Szwecja
75%
603,500 Ukraina
74%
1,910,931 Indonezja
71%
377,930 Japonia
70%
338,424 Finlandia
67%
2,344,858 Demokratyczna Republika Konga
59%
513,120 Tajlandia
54%
342,000 Kongo
50%
343,448 Filipiny
46%
676,578 Mjanma
43%
462,840 Papua-Nowa Gwinea
31%
406,752 Paragwaj
25%
752,612 Zambia
25%
622,984 Republika Środkowoafrykańska
23%
Nie znaleziono quizów pasujących do podanych kryteriów
Rozkład punktacji
Procent ludzi z każdym wynikiem
Percentyl według liczby udzielonych odpowiedzi
Twoja historia wyników
Nie rozwiązałeś tego quizu